20 random Missing Countries on a 1945 map - Statistics

General Stats
  • This quiz has been taken 13,303 times
  • The average score is 15 of 20
Answers on the Map
Answers color-coded by a green-red scale on the quiz's map according to % correct below.
 
Answer Stats
Country % Correct
Canada
99%
United States
99%
Mexico
98%
Brazil
97%
Argentina
95%
China
95%
France
94%
Mongolia
94%
Soviet Union
94%
Bolivia
93%
Colombia
92%
Egypt
92%
Spain
92%
United Kingdom
91%
Paraguay
90%
Peru
89%
Italy
88%
Poland
88%
Australia
87%
Panama
87%
Saudi Arabia
87%
South Africa
87%
Venezuela
87%
Ethiopia
86%
Sweden
86%
Iran
84%
Turkey
84%
Switzerland
82%
Belgium
81%
Ecuador
81%
Finland
81%
Indonesia
81%
Portugal
81%
Afghanistan
80%
Guatemala
80%
Nepal
79%
Norway
79%
Costa Rica
78%
Nicaragua
78%
Chile
77%
Iraq
77%
Yugoslavia
77%
Hungary
76%
Czechoslovakia
75%
Romania
74%
Japan
73%
Honduras
72%
Uruguay
71%
Denmark
69%
Greece
68%
Netherlands
67%
Tibet
67%
Bulgaria
64%
Thailand
61%
New Zealand
57%
Ireland
53%
Syria
53%
Cuba
52%
Dominican Republic
51%
Haiti
50%
Yemen
50%
El Salvador
41%
Iceland
40%
Vietnam
34%
Liberia
33%
Albania
29%
East Turkestan
17%
No matching quizzes found
Score Distribution
Percent of People with Each Score
Percentile by Number Answered
Your Score History
You have not taken this quiz